00956cam a22003374i 4500003000900000005001700009008004100026035001900067040003300086082001800119245009700137264005500234300003800289336002100327337002500348338002300373505005900396526001000455526001000465526001000475526001000485526000800495526000800503526000800511526000800519526000800527526000800535526000800543630003900551700002800590PE-LiUPU20250731173139.0150623s1981 miu r 000 0 eng d a(Sirsi) a27296 aPE-LiUPUbspacPE-LiUPUerda04a221bG81I22104aThe Interlinear Bible :bHebrew, Greek, English /cJay Green, general editor and translator. 1aGrand Rapids, Michigan :bBaker Book House,c1981. a946 páginas ;c29 centímetros atext2rdacontent aunmediated2rdamedia avolume2rdacarrier0 aComentarios de la Biblia en Hebreo, Griego e Inglés. aSEG42 aSEG41 aSEG40 aSEG39 aP94 aP87 aP86 aP85 aP77 aP76 aP35 aBibliaxTraducciones intelineares.1 aGreen, Jay P.,eeditor.